zpět

Detail výsledku týmu

Bristol, Olomouc

Datum a čas kvízu

34.5 Celkem bodů Celkový počet nahraných bodů na tomto kvízu bez doplňovacích otázek.
3. Pořadí na kvízu Konečné umístění týmu na tomto kvízu.

Zaznamenané odpovědi

# Otázka Odpověď Body Výsledky
1. Ministr dopravy Vladimír Kreml... Francie 1
2. Senát jednoho státu na jihu US... Alabama 1
3. Který známý umělec si vzal v n... Rytmus / Patrik Vrbovský 1
4. Čínská společnost Xiaomi přišl... v automatu 0
5. Ve třetím utkání na MS v hokej... Andrej Vasilevskij 0
6. Volby do Evropského parlamentu... čtvrté 0
7. Z výsledků voleb vzejde i nový... Jan Zahradil 0
8. Přiřaďte lídry kandidátek k je... 1C 2A 3D 4B 1
9. Ve francouzském Štrasburku síd... Rada Evropy 1
10. Jedenatřicetiletý kandidát nov... Tinder 0